| 000 | 00526nam a2200169 i 4500 | ||
|---|---|---|---|
| 001 | bg | ||
| 245 | 0 | _aProceedings of the Sixth International Conference on Soil Mechanics and Foundation Engineering, Montreal, 8-15 September, 1965.Vol.2, Divisions 3-6. | |
| 260 |
_aToronto : _bUniversity of Toronto, _c1965. |
||
| 650 | 9 | _aFundamenty | |
| 650 | 9 | _aGeologia inżynierska | |
| 650 | 9 | _aMechanika gruntów | |
| 040 | _cBPK | ||
| 041 | _apol | ||
| 080 | _a624.1 | ||
| 942 | _cKS | ||
| 008 | s pl f |000 0 pol | ||
| 999 |
_c27944 _d27944 |
||
| 856 |
_uhttp://koha.tu.koszalin.pl/cgi-bin/koha/opac-detail.pl?biblionumber=27944 _yKatalog online BPK |
||